Immobilization of enzymes and cells

Αποθηκεύτηκε σε:
Λεπτομέρειες βιβλιογραφικής εγγραφής
Κύριος συγγραφέας: Bickerstaff, Gordon F (Συγγραφέας)
Μορφή: Βιβλίο
Γλώσσα:Αγγλικά
Έκδοση: Totowa Humana 1997
Σειρά:Serie Methods in Biotechnology, 1
Θέματα:
Ετικέτες: Προσθήκη ετικέτας
Δεν υπάρχουν, Καταχωρήστε ετικέτα πρώτοι!

MARC

LEADER 00000nam a2200000 a 4500
001 UCQ6729
003 CL-VaPUC
008 981023e19970000us |||||||||||||||||eng|d
082 0 4 |a 660.634  |b BIC  |2 21 
100 0 |a Bickerstaff, Gordon F  |e author  |9 420632 
245 1 0 |a Immobilization of enzymes and cells 
300 |a 367 p 
942 |c BK 
945 |d 19981023 00:00:00  |a aarredon 
260 |a Totowa  |b Humana  |c 1997 
650 0 |a Biotecnología   |9 259561 
650 0 |a Enzimas  |9 262984 
650 7 |a ENZIMAS INMOVILIZADAS  |2 CL-VaPUC  |9 325213 
650 0 |a Células   |9 269548 
583 |a last modification  |c 20171017 03:22:37  |k Rodrigo Vera 
490 0 |a Serie Methods in Biotechnology, 1 
999 |c 276667  |d 276665 
952 |0 0  |1 0  |4 0  |6 660_634000000000000_BIC_1997  |7 0  |8 A  |9 314067  |a BIBING  |b BIBING  |d 2019-11-20  |i 3476669  |o 660.634 BIC 1997  |p 3476669  |r 2025-01-20  |w 2019-11-20  |y BK  |k EIB